Представление документа в формате MARC21

ПолеНазваниеЗначение
  Тип записи a
  Библиографический уровень m
001 Контрольный номер RU/URAIT/584920
005 Дата корректировки 20260429163618.8
008 Кодируемые данные 260429s2026 RU y f j 000 0 rus u
020 Индекс ISBN __
a ISBN 978-5-534-06841-2
c Цена, тираж 909.00
040 Источник каталогиз. __
a Служба первич. каталог. ИКО Юрайт
c Служба, преобразующая запись ИКО Юрайт
e Правила каталог. RCR
041 Код языка издания __
a Код языка текста rus
044 Код страны публикации __
a Код страны публикации RU
080 Индекс УДК __
a Индекс УДК 347.731.3(075.8)
084 Индекс другой классификации/Индекс ББК __
2 Источник индекса rubbk
a Индекс другой классификации/Индекс ББК 79.2я73
100 Автор __
a Автор Комарова Л. К.
q Полное имя Комарова Лидия Константиновна
245 Заглавие __
a Заглавие Основы выставочной деятельности
b Продолж. заглавия учебное пособие для вузов
c Ответственность Л. К. Комарова ; ответственный редактор В. П. Нехорошков.
250 Сведения об издании __
g пер. и доп
a Основные сведения об издании 2-е изд.
256 Характеристики компьютерного файла __
a Характеристики компьютерного файла Электрон. дан.
260 Выходные данные __
a Место издания Москва
b Издательство Юрайт
c Дата издания 2026
300 Физическое описание __
a Объем 194 с
440 Серия __
a Серия Высшее образование
500 Примечания __
a Примечание URL: https://urait.ru/bcode/584920 (дата обращения: 29.04.2026).
520 Аннотация __
a Аннотация В пособии рассмотрен теоретический материал и даны практические рекомендации по подготовке, организации, рекламно-информационному сопровождению выставок; изложены основные принципы планирования затрат, проведения маркетинговой политики и стратегии эффективной работы на выставке. Концептуально структура учебного пособия построена таким образом, чтобы представить сведения об участии предприятия в выставке наиболее полно, что в значительной степени позволяет облегчить процесс изучения материала. Особое внимание уделяется рассмотрению мероприятий туристской направленности.
538 Прим. о системных особенностях __
a Прим. о системных особенностях Режим доступа: Электронно-библиотечная система Юрайт, для авториз. пользователей
653 Ключевые слова __
a Ключевые слова Реклама и связи с общественностью
653 Ключевые слова __
a Ключевые слова Экономические науки
653 Ключевые слова __
a Ключевые слова Музейно-выставочная работа
653 Ключевые слова __
a Ключевые слова Основы музейно-выставочной работы
653 Ключевые слова __
a Ключевые слова Выставочно-ярмарочная  и конгрессная деятельность
653 Ключевые слова __
a Ключевые слова Организация конгрессно-выставочной деятельности
653 Ключевые слова __
a Ключевые слова Выставочное дело
653 Ключевые слова __
a Ключевые слова Основы выставочной деятельности
653 Ключевые слова __
a Ключевые слова Технология и организация выставочной деятельности
653 Ключевые слова __
a Ключевые слова Выставочная деятельность в туризме
653 Ключевые слова __
a Ключевые слова Организация выставочных мероприятий в туризме
653 Ключевые слова __
a Ключевые слова Выставочная деятельность
653 Ключевые слова __
a Ключевые слова Основы выставочного дела
653 Ключевые слова __
a Ключевые слова Организация выставочной деятельности
653 Ключевые слова __
a Ключевые слова Технологии выставочной деятельности
653 Ключевые слова __
a Ключевые слова Выставочные технологии в туризме
653 Ключевые слова __
a Ключевые слова Выставочно-ярмарочная деятельность
653 Ключевые слова __
a Ключевые слова Выставочный менеджмент в туризме
653 Ключевые слова __
a Ключевые слова Рекламная и выставочная деятельность
653 Ключевые слова __
a Ключевые слова Выставочный маркетинг
653 Ключевые слова __
a Ключевые слова Реклама и выставочная деятельность
653 Ключевые слова __
a Ключевые слова Экспозиционно-выставочная работа
653 Ключевые слова __
a Ключевые слова Реклама и организация выставочной деятельности в туризме
653 Ключевые слова __
a Ключевые слова Организация выставок и ярмарок
653 Ключевые слова __
a Ключевые слова PR в выставочной деятельности
653 Ключевые слова __
a Ключевые слова Менеджмент и маркетинг выставочных проектов
653 Ключевые слова __
a Ключевые слова Организация выставочно-рекламной деятельности
653 Ключевые слова __
a Ключевые слова Организация выставочно-ярмарочной деятельности
653 Ключевые слова __
a Ключевые слова Технологии и организация выставочно-ярмарочной деятельности
653 Ключевые слова __
a Ключевые слова Организация и технологии рекламно-выставочного бизнеса
700 Другие авторы __
a Другие авторы Нехорошков В. П.
q Полное имя Нехорошков Владимир Петрович
856 Электронный адрес документа 40
n Местонахождение сервера Юрайт
g Электронная книга
q Тип электронного формата html
h Имя пользователя ЮРАЙТ
v Часы доступа к ресурсу 20271231
2 Способ доступа Показать документ
x Служебное примечание https://urait.ru/book/cover/46EC53B7-0B28-4CAA-AB05-95D3EC9E0696
u URL https://urait.ru/bcode/584920
856 Электронный адрес документа 48
q Тип электронного формата cover
u URL https://urait.ru/book/cover/46EC53B7-0B28-4CAA-AB05-95D3EC9E0696
911 __
u 0030=https://urait.ru/bcode/584920
911 __
u 073a=9785534068412
u 073d=909.00
911 __
u 106a=s
911 __
u 900l=
952 Тип литературы __
i Дисциплина Музейно-выставочная работа
952 Тип литературы __
i Дисциплина Основы музейно-выставочной работы
952 Тип литературы __
i Дисциплина Выставочно-ярмарочная  и конгрессная деятельность
952 Тип литературы __
i Дисциплина Организация конгрессно-выставочной деятельности
952 Тип литературы __
i Дисциплина Выставочное дело
952 Тип литературы __
i Дисциплина Основы выставочной деятельности
952 Тип литературы __
i Дисциплина Технология и организация выставочной деятельности
952 Тип литературы __
i Дисциплина Выставочная деятельность в туризме
952 Тип литературы __
i Дисциплина Организация выставочных мероприятий в туризме
952 Тип литературы __
i Дисциплина Выставочная деятельность
952 Тип литературы __
i Дисциплина Основы выставочного дела
952 Тип литературы __
i Дисциплина Организация выставочной деятельности
952 Тип литературы __
i Дисциплина Технологии выставочной деятельности
952 Тип литературы __
i Дисциплина Выставочные технологии в туризме
952 Тип литературы __
i Дисциплина Выставочно-ярмарочная деятельность
952 Тип литературы __
i Дисциплина Выставочный менеджмент в туризме
952 Тип литературы __
i Дисциплина Рекламная и выставочная деятельность
952 Тип литературы __
i Дисциплина Выставочный маркетинг
952 Тип литературы __
i Дисциплина Реклама и выставочная деятельность
952 Тип литературы __
i Дисциплина Экспозиционно-выставочная работа
952 Тип литературы __
i Дисциплина Реклама и организация выставочной деятельности в туризме
952 Тип литературы __
i Дисциплина Организация выставок и ярмарок
952 Тип литературы __
i Дисциплина PR в выставочной деятельности
952 Тип литературы __
i Дисциплина Менеджмент и маркетинг выставочных проектов
952 Тип литературы __
i Дисциплина Организация выставочно-рекламной деятельности
952 Тип литературы __
i Дисциплина Организация выставочно-ярмарочной деятельности
952 Тип литературы __
i Дисциплина Технологии и организация выставочно-ярмарочной деятельности
952 Тип литературы __
i Дисциплина Организация и технологии рекламно-выставочного бизнеса